000 00519nam a2200181Ia 4500
008 191130s1994##################000#0#eng##
020 _a9780199288250
040 _aACL
_cACL
082 _a3442046 MCG
245 _aBlackstone's environmental legislation
_cedited by Donald McGillivray
260 _aOxford
_bOxford University Press
_c1994
300 _a687 p.; 23 cm
650 _aEconomics
700 _aMcGillivray, Donald
990 _a692e0007ac10000c2652363c17759653
991 _a309060
999 _c117314
_d117314